| 000 | 00695cam a22002291 4500 | ||
|---|---|---|---|
| 001 | sa 63000442 | ||
| 003 | DLC | ||
| 005 | 20260227111921.0 | ||
| 008 | 720310s1962 ii ab 000 0 eng | ||
| 010 | _asa 63000442 | ||
| 015 | _aGB63-77 | ||
| 035 | _a(OCoLC)261165 | ||
| 040 |
_aDLC _cOAU _dNcRS _dUk _dDLC |
||
| 042 | _apremarc | ||
| 050 | 0 | 0 |
_aGN480.6 _b.M29 |
| 100 | 1 | _aMajumdar, Dhirendra Nath. | |
| 245 | 1 | 0 |
_aHimalayan polyandry, structure, functioning and culture change; _ba field-study of Jaunsar-Bawar. |
| 260 |
_aBombay, _aNew York, _bAsia Pub. House _c[1962] |
||
| 300 |
_axi, 389 p. _billus., maps _c25 cm. |
||
| 650 | 0 | _aPolyandry. | |
| 650 | 0 |
_aEthnology _zIndia _zUttar Pradesh. |
|
| 999 |
_c53490 _d53490 |
||